| 000 | 00733nam a2200205 a 4500 | ||
|---|---|---|---|
| 001 | BRCA_1463 | ||
| 005 | 20190320203435.0 | ||
| 008 | 101005s1993----ag-a---###---#000-0#spa-d | ||
| 050 | 4 |
_aTS1109 _b.C75 1993 |
|
| 100 | 1 |
_aCrivelli, Ricardo Alberto _94787 |
|
| 245 | 1 | 0 |
_aNotas sobre papel hecho a mano _cRicardo A. Crivelli. |
| 260 |
_aArgentina _bTalleres Gráficos Ardila _c1993 |
||
| 300 |
_a176 p. _bil. _c28 cm. |
||
| 500 | _aIncluye glosario y apéndices : Museos del papel en el mundo. Medios sobre el papel. Molinos- talleres. Maquinarias y productos | ||
| 504 | _aBibliografía : p. 170-176 | ||
| 650 | 1 | 4 |
_aPapel hecho a mano _94788 |
| 650 | 1 | 4 |
_aPapel _xHistoria _94789 |
| 650 | 1 | 4 |
_aPapel _xTecnología _94790 |
| 942 |
_2lcc _cB |
||
| 999 |
_c1325 _d1325 |
||